000 00270nam a2200109Ia 4500
008 190914s9999||||xx |||||||||||||| ||und||
100 _aAlan C.Shapiro
245 0 _aMultinational Financial Management
260 _aIndia
_bS. Chand
_c2004
300 _a150
942 _cBK
999 _c10145
_d10145